Mariano Otero /

I tiakina i:
Ngā taipitopito rārangi puna kōrero
Kaituhi matua: Barragán Barragán, José (compilación)
Hōputu: Pukapuka
Reo:Pāniora
I whakaputaina: México : Congreso de la Unión, Cámara de Senadores, LIII Legislatura, 1987
Rangatū:(Los Senadores)
Ngā marau:
Ngā Tūtohu: Tāpirihia he Tūtohu
Kāore He Tūtohu, Me noho koe te mea tuatahi ki te tūtohu i tēnei pūkete!

MARC

LEADER 00000nam^a2200000^a^4500
001 000026725
005 20250521000000.0
009 20260310084741.04
020 |a 968-7209-48-8 
037 |a Acervo ITESO - Biblioteca 
041 |a ESP 
082 |a 342. 72  |b BAR 
100 |a Barragán Barragán, José  |e (compilación) 
245 1 0 |a Mariano Otero /  |c J. Barragán; pról. de: Salvador J. Neme Castillo. 
264 1 |a México :  |b Congreso de la Unión, Cámara de Senadores, LIII Legislatura,  |c 1987 
300 |a 201 p. 
336 |a texto  |b txt  |2 rdacontenido 
337 |a sin mediación  |b n  |2 rdamedio 
338 |a volumen  |b nc  |2 rdasoporte 
440 5 |a (Los Senadores) 
649 |a XX 
650 |a Derecho Constitucional -  |z México 
650 |a Políticos Mexicanos -  |x Documentos 
910 |a Fondo General 
920 |a Impresos - Libros 
930 |a Colección General 
905 |a 101 
901 |a 0267250100  |b IT1  |c ACC  |i 026725  |u 20250521 
902 |a https://opac.biblio.iteso.mx/vufind/Record/000026725